Statistiques concernant Anniversaires les plus Populaires

Cliquez ici pour prendre le quiz!

Statistiques générales

  • Ce quiz a été pris 120 fois
  • Le résultat moyen est 10 sur 10

Statistiques - réponses

JourMois% Correct
12Septembre
100%
10Septembre
98%
15Septembre
98%
19Septembre
98%
20Septembre
98%
7Juillet
98%
16Septembre
97%
17Septembre
97%
18Septembre
97%
9Septembre
96%

Distribution des résultats

Percentile par nombre de réponses

% des personnes avec chaque résultat

Votre développement - résultats

Vous n’avez pas pris ce quiz